|
|
|
|
| LEADER |
00000nam0a2200000 4500 |
| 001 |
187371 |
| 005 |
20231101224047.0 |
| 010 |
|
|
|a 9785406017753
|
| 035 |
|
|
|a (RuTPU)RU\TPU\book\203323
|
| 090 |
|
|
|a 187371
|
| 100 |
|
|
|a 20101115d2012 m y0rusy50 ca
|
| 101 |
0 |
|
|a rus
|
| 102 |
|
|
|a RU
|
| 105 |
|
|
|a a j 001zy
|
| 200 |
1 |
|
|a Сопротивление материалов
|e учебное пособие
|f Н. А. Эрдеди, А. А. Эрдеди
|
| 210 |
|
|
|a Москва
|c КноРус
|d 2012
|
| 215 |
|
|
|a 157 с.
|c ил.
|
| 225 |
1 |
|
|a Для бакалавров
|
| 320 |
|
|
|a Библиогр.: с. 157.
|
| 330 |
|
|
|a Изложены основы сопротивления материалов. Теоретический материал сопровождается выводами, многочисленными примерами решений и расчетов с пояснениями. В приложении даны программированные тренировочные карточки. Пособие соответствует государственным образовательным стандартам для немашиностроительных специальностей вузов (энергетика, металлургия, горное дело, химическая технология, легкая и пищевая промышленность, полиграфия и др.) в рамках направлений подготовки бакалавров и инженеров, а также подготовки педагогов профобучения в области машиностроения. Для студентов немашиностроительных вузов.
|
| 606 |
1 |
|
|a Сопротивление материалов
|2 stltpush
|3 (RuTPU)RU\TPU\subj\55554
|9 73567
|
| 610 |
1 |
|
|a растяжение
|
| 610 |
1 |
|
|a сжатие
|
| 610 |
1 |
|
|a сдвиг
|
| 610 |
1 |
|
|a срез
|
| 610 |
1 |
|
|a плоские сечения
|
| 610 |
1 |
|
|a кручение
|
| 610 |
1 |
|
|a изгиб
|
| 610 |
1 |
|
|a деформации
|
| 610 |
1 |
|
|a динамические нагрузки
|
| 610 |
1 |
|
|a прочность
|
| 610 |
1 |
|
|a жесткость
|
| 610 |
1 |
|
|a упругие системы
|
| 610 |
1 |
|
|a колебания
|
| 610 |
1 |
|
|a продольный изгиб
|
| 610 |
1 |
|
|a учебные пособия
|
| 675 |
|
|
|a 539.3/.6(075.8)
|v 3
|
| 700 |
|
1 |
|a Эрдеди
|b Н. А.
|g Наталия Алексеевна
|
| 701 |
|
1 |
|a Эрдеди
|b А. А.
|g Алексей Алексеевич
|
| 801 |
|
1 |
|a RU
|b 63413507
|c 20101115
|
| 801 |
|
2 |
|a RU
|b 63413507
|c 20150519
|g RCR
|
| 900 |
|
|
|a Сопротивление материалов
|
| 942 |
|
|
|c BK
|
| 959 |
|
|
|a 86/20101115
|d 2
|e 0
|f АНЛ:1
|f ЧЗТЛ:1
|
| 959 |
|
|
|a 91/20111108
|d 5
|e 0,00
|f ЧЗТЛ:1
|f АНЛ:1
|f УФ:3
|